000 00370nam a22001697a 4500
003 UA-OsUOA
001 5119
007 ta
008 20050721b un ||||| |||| 00| 0 ukr d
100 _aMallinson
700 _aGeorge G.
942 _cBK
040 _aUA-OsUOA
_cUA-OsUOA
_dUA-OsUOA
245 _aScience Understanding Your Environment.
955 _a2
650 7 _2UDC
999 _c291281
_d291281